[Event "DFMMLV 2019"]
[Site "Braunfels"]
[Date "2019.06.21"]
[Round "3.26"]
[White "Krausse, Vanessa"]
[Black "Malachowski, Margrit"]
[Result "0-1"]
[WhiteElo "1645"]
[BlackElo "2080"]
[Annotator "NA"]
[PlyCount "62"]
[EventDate "2019.06.20"]
[EventType "team-tourn"]
[EventCountry "GER"]
[SourceTitle "playchess.com"]
[Source "ChessBase"]
[SourceQuality "1"]
[WhiteTeam "Hessen 2"]
[BlackTeam "Baden"]
[TimeControl "40/5400+30:1800+30"]

1. e4 {[%emt 0:00:00]} c6 {[%emt 0:00:10]} 2. Nc3 {[%emt 0:01:49]} d5 {[%emt 0:01:06]} 3. exd5 {[%emt 0:00:44]} cxd5 {[%emt 0:00:15]} 4. d4 {[%emt 0:00:29]} Nc6 {[%emt 0:00:47]} 5. Bf4 {[%emt 0:02:47]} a6 {[%emt 0:04:34]} 6. Nf3 {[%emt 0:02:39]} Bg4 {[%emt 0:01:06]} 7. Be2 {[%emt 0:04:09]} Nf6 {[%emt 0:01:18]} 8. h3 {[%emt 0:02:05]} Bh5 {[%emt 0:06:11]} 9. O-O {[%emt 0:06:09]} e6 {[%emt 0:03:29]} 10. a3 {[%emt 0:06:36]} Bd6 {[%emt 0:01:42]} 11. Bxd6 {[%emt 0:06:41]} Qxd6 {[%emt 0:00:09]} 12. Na4 {[%emt 0:15:42]} O-O {[%emt 0:05:47]} 13. c3 {[%emt 0:02:02]} Ne4 {[%emt 0:05:33]} 14. Ne5 {[%emt 0:05:56]} Bxe2 {[%emt 0:00:25]} 15. Qxe2 {[%emt 0:00:22]} Nxe5 {[%emt 0:03:21]} 16. dxe5 {[%emt 0:01:59]} Qc6 {[%emt 0:00:12]} 17. Qg4 {[%emt 0:05:10]} b5 {[%emt 0:01:12]} 18. f3 {[%emt 0:01:28]} Nd2 {[%emt 0:01:22]} 19. Rfd1 {[%emt 0:02:41]} Nb3 {[%emt 0:00:13]} 20. Rab1 {[%emt 0:00:28]} bxa4 {[%emt 0:00:18]} 21. Kh1 {[%emt 0:02:16]} Rac8 {[%emt 0:00:30]} 22. Rd3 {[%emt 0:05:15]} Qc4 {[%emt 0:02:06]} 23. Qxc4 {[%emt 0:01:28]} Rxc4 {[%emt 0:00:12]} 24. Rbd1 {[%emt 0:00:26]} Rb8 {[%emt 0:01:21]} 25. Kg1 {[%emt 0:01:06]} g6 {[%emt 0:03:12]} 26. Kf2 {[%emt 0:00:48]} Na5 {[%emt 0:00:21]} 27. R1d2 {[%emt 0:01:15]} Rc7 {[%emt 0:00:32]} 28. Ke1 {[%emt 0:05:25]} Nc4 {[%emt 0:00:26]} 29. Re2 {[%emt 0:00:32]} Nxb2 {[%emt 0:00:54]} 30. Rde3 {[%emt 0:03:09]} Nc4 {[%emt 0:00:39]} 31. Rd3 {[%emt 0:00:13]} Rb3 {[%emt 0:00:30]} 0-1

[Event "DFMMLV 2019"]
[Site "Braunfels"]
[Date "2019.06.21"]
[Round "3.27"]
[White "Zhang, Fan"]
[Black "Buchholz, Maja"]
[Result "0-1"]
[WhiteElo "2069"]
[BlackElo "1657"]
[Annotator "NA"]
[PlyCount "63"]
[EventDate "2019.06.20"]
[EventType "team-tourn"]
[EventCountry "GER"]
[SourceTitle "playchess.com"]
[Source "ChessBase"]
[SourceQuality "1"]
[WhiteTeam "Baden"]
[BlackTeam "Hessen 2"]
[TimeControl "40/5400+30:1800+30"]

1. d4 {[%emt 0:00:00]} Nf6 {[%emt 0:00:00]} 2. Bg5 {[%emt 0:00:22]} e6 {[%emt 0:00:34]} 3. e3 {[%emt 0:00:32]} Be7 {[%emt 0:00:26]} 4. Nf3 {[%emt 0:00:09]} d5 {[%emt 0:02:50]} 5. c4 {[%emt 0:02:28]} c6 {[%emt 0:03:44]} 6. Nc3 {[%emt 0:00:09]} O-O {[%emt 0:01:47]} 7. Bd3 {[%emt 0:01:02]} Nbd7 {[%emt 0:01:55]} 8. O-O {[%emt 0:01:13]} Qc7 {[%emt 0:00:40]} 9. cxd5 {[%emt 0:02:50]} exd5 {[%emt 0:01:56]} 10. Rb1 {[%emt 0:01:54]} Re8 {[%emt 0:03:29]} 11. Qc2 {[%emt 0:02:34]} h6 {[%emt 0:01:11]} 12. Bf4 {[%emt 0:01:38]} Qd8 {[%emt 0:04:42]} 13. h3 {[%emt 0:01:06]} Nf8 {[%emt 0:06:10]} 14. b4 {[%emt 0:01:53]} Ne6 {[%emt 0:10:44]} 15. Bh2 {[%emt 0:01:53]} Bd7 {[%emt 0:01:25]} 16. b5 {[%emt 0:04:30]} c5 {[%emt 0:04:40]} 17. dxc5 {[%emt 0:00:49]} Nxc5 {[%emt 0:00:27]} 18. Bf5 {[%emt 0:11:20]} Rc8 {[%emt 0:01:42]} 19. Bxd7 {[%emt 0:01:22]} Ncxd7 {[%emt 0:02:23]} 20. Qb2 {[%emt 0:06:26]} Nb6 {[%emt 0:01:42]} 21. Rbc1 {[%emt 0:03:09]} Ne4 {[%emt 0:02:50]} 22. Ne2 {[%emt 0:02:43]} Nc4 {[%emt 0:03:37]} 23. Qd4 {[%emt 0:10:54]} Bc5 {[%emt 0:02:12]} 24. Qd3 {[%emt 0:01:33]} Ba3 {[%emt 0:06:26]} 25. Rcd1 {[%emt 0:27:14]} Rc5 {[%emt 0:04:23]} 26. Ne5 {[%emt 0:05:29]} Qa5 {[%emt 0:15:00]} 27. Nxc4 {[%emt 0:00:33]} dxc4 {[%emt 0:01:07]} 28. Qd7 {[%emt 0:00:24]} Qxb5 {[%emt 0:00:39]} 29. Qd4 {[%emt 0:01:59]} Bb2 {[%emt 0:01:41]} 30. Qd7 {[%emt 0:00:24]} c3 {[%emt 0:04:16]} 31. Qg4 {[%emt 0:06:27]} c2 {[%emt 0:02:55]} 32. Rd7 {[%emt 0:00:00]} 0-1

[Event "DFMMLV 2019"]
[Site "Braunfels"]
[Date "2019.06.21"]
[Round "3.28"]
[White "Schardt, Madeleine"]
[Black "Schneider, Birgit"]
[Result "1-0"]
[WhiteElo "1578"]
[BlackElo "1874"]
[Annotator "NA"]
[PlyCount "125"]
[EventDate "2019.06.20"]
[EventType "team-tourn"]
[EventCountry "GER"]
[SourceTitle "playchess.com"]
[Source "ChessBase"]
[SourceQuality "1"]
[WhiteTeam "Hessen 2"]
[BlackTeam "Baden"]
[TimeControl "40/5400+30:1800+30"]

1. d4 {[%emt 0:00:00]} d5 {[%emt 0:00:00]} 2. Bf4 {[%emt 0:00:00]} Nf6 {[%emt 0:00:00]} 3. e3 {[%emt 0:00:00]} e6 {[%emt 0:00:04]} 4. c3 {[%emt 0:00:10]} c5 {[%emt 0:00:48]} 5. Nf3 {[%emt 0:00:49]} Bd6 {[%emt 0:02:47]} 6. Bg3 {[%emt 0:00:05]} Nc6 {[%emt 0:02:50]} 7. Nbd2 {[%emt 0:02:05]} O-O {[%emt 0:05:15]} 8. Bd3 {[%emt 0:01:39]} b6 {[%emt 0:08:36]} 9. Ne5 {[%emt 0:02:37]} Bb7 {[%emt 0:05:46]} 10. f4 {[%emt 0:00:59]} cxd4 {[%emt 0:04:15]} 11. exd4 {[%emt 0:00:34]} Ne7 {[%emt 0:09:53]} 12. Qf3 {[%emt 0:21:29]} Nd7 {[%emt 0:11:40]} 13. Qh5 {[%emt 0:06:12]} g6 {[%emt 0:07:57]} 14. Qf3 {[%emt 0:04:45]} f6 {[%emt 0:06:34]} 15. Ng4 {[%emt 0:02:23]} e5 {[%emt 0:04:27]} 16. Qe3 {[%emt 0:08:03]} e4 {[%emt 0:03:27]} 17. Be2 {[%emt 0:02:08]} Nf5 {[%emt 0:01:09]} 18. Qf2 {[%emt 0:00:59]} Qc7 {[%emt 0:08:12]} 19. Ne3 {[%emt 0:05:42]} Nxe3 {[%emt 0:01:42]} 20. Qxe3 {[%emt 0:00:06]} f5 {[%emt 0:01:24]} 21. h4 {[%emt 0:01:00]} Rf7 {[%emt 0:01:46]} 22. Kf2 {[%emt 0:05:23]} Nf8 {[%emt 0:01:10]} 23. Rag1 {[%emt 0:01:42]} Ne6 {[%emt 0:00:31]} 24. h5 {[%emt 0:01:48]} Nxf4 {[%emt 0:02:16]} 25. hxg6 {[%emt 0:00:55]} Nxg6 {[%emt 0:01:30]} 26. Bxd6 {[%emt 0:00:18]} Qxd6 {[%emt 0:00:20]} 27. g3 {[%emt 0:01:15]} f4 {[%emt 0:02:00]} 28. gxf4 {[%emt 0:00:25]} Qxf4+ {[%emt 0:00:15]} 29. Qxf4 {[%emt 0:00:47]} Rxf4+ {[%emt 0:00:06]} 30. Ke3 {[%emt 0:00:48]} Raf8 {[%emt 0:01:09]} 31. Bh5 {[%emt 0:01:59]} R4f6 {[%emt 0:01:45]} 32. Rh2 {[%emt 0:02:19]} Bc6 {[%emt 0:01:33]} 33. c4 {[%emt 0:01:37]} R8f7 {[%emt 0:01:42]} 34. Rg5 {[%emt 0:05:43]} dxc4 {[%emt 0:01:33]} 35. Nxc4 {[%emt 0:00:16]} Kf8 {[%emt 0:01:04]} 36. Bxg6 {[%emt 0:00:59]} Rxg6 {[%emt 0:01:12]} 37. Rxg6 {[%emt 0:00:20]} hxg6 {[%emt 0:00:01]} 38. Ne5 {[%emt 0:00:17]} Rf6 {[%emt 0:00:47]} 39. Nxc6 {[%emt 0:00:39]} Rxc6 {[%emt 0:00:11]} 40. Kxe4 {[%emt 0:00:33]} Kg7 {[%emt 0:00:50]} 41. Ke5 {[%emt 0:30:32]} Rc1 {[%emt 0:04:41]} 42. d5 {[%emt 0:00:00]} Rd1 {[%emt 0:03:41]} 43. Ke6 {[%emt 0:00:00]} Re1+ {[%emt 0:00:41]} 44. Kd7 {[%emt 0:00:00]} Kf6 {[%emt 0:00:45]} 45. Rf2+ {[%emt 0:00:00]} Ke5 {[%emt 0:01:41]} 46. d6 {[%emt 0:00:00]} g5 {[%emt 0:05:31]} 47. Rg2 {[%emt 0:00:00]} Kf5 {[%emt 0:03:42]} 48. Kd8 {[%emt 0:00:00]} Rd1 {[%emt 0:05:58]} 49. d7 {[%emt 0:00:00]} g4 {[%emt 0:04:43]} 50. Re2 {[%emt 0:00:00]} Kf4 {[%emt 0:00:50]} 51. Ke8 {[%emt 0:00:00]} Kf3 {[%emt 0:00:48]} 52. Re7 {[%emt 0:00:00]} g3 {[%emt 0:01:14]} 53. d8=Q {[%emt 0:00:00]} Rxd8+ {[%emt 0:00:09]} 54. Kxd8 {[%emt 0:00:00]} g2 {[%emt 0:00:09]} 55. Rg7 {[%emt 0:00:00]} Kf2 {[%emt 0:00:12]} 56. Kc7 {[%emt 0:00:00]} g1=Q {[%emt 0:00:29]} 57. Rxg1 {[%emt 0:00:00]} Kxg1 {[%emt 0:00:04]} 58. Kb7 {[%emt 0:00:00]} Kf2 {[%emt 0:00:43]} 59. Kxa7 {[%emt 0:00:00]} b5 {[%emt 0:00:37]} 60. Kb6 {[%emt 0:00:00]} b4 {[%emt 0:00:04]} 61. Kb5 {[%emt 0:00:00]} b3 {[%emt 0:00:04]} 62. axb3 {[%emt 0:00:00]} Ke3 {[%emt 0:00:19]} 63. Kc5 {[%emt 0:00:00]} 1-0

[Event "DFMMLV 2019"]
[Site "Braunfels"]
[Date "2019.06.21"]
[Round "3.29"]
[White "Boettger, Sina Fleur"]
[Black "Schwegler, Jelena"]
[Result "1/2-1/2"]
[WhiteElo "1744"]
[BlackElo "1511"]
[Annotator "NA"]
[PlyCount "38"]
[EventDate "2019.06.20"]
[EventType "team-tourn"]
[EventCountry "GER"]
[SourceTitle "playchess.com"]
[Source "ChessBase"]
[SourceQuality "1"]
[WhiteTeam "Baden"]
[BlackTeam "Hessen 2"]
[TimeControl "40/5400+30:1800+30"]

1. c4 {[%emt 0:00:00]} c5 {[%emt 0:00:00]} 2. Nc3 {[%emt 0:00:00]} g6 {[%emt 0:00:10]} 3. g3 {[%emt 0:00:00]} Bg7 {[%emt 0:00:12]} 4. Bg2 {[%emt 0:00:00]} Nf6 {[%emt 0:00:06]} 5. e3 {[%emt 0:00:29]} O-O {[%emt 0:03:28]} 6. Nge2 {[%emt 0:00:31]} e6 {[%emt 0:00:51]} 7. d4 {[%emt 0:01:12]} cxd4 {[%emt 0:01:43]} 8. exd4 {[%emt 0:00:08]} d5 {[%emt 0:01:29]} 9. cxd5 {[%emt 0:04:21]} exd5 {[%emt 0:01:32]} 10. O-O {[%emt 0:00:40]} Bf5 {[%emt 0:02:31]} 11. Qb3 {[%emt 0:16:24]} Nc6 {[%emt 0:11:05]} 12. Nxd5 {[%emt 0:17:56]} Nxd5 {[%emt 0:00:42]} 13. Bxd5 {[%emt 0:04:35]} Na5 {[%emt 0:03:11]} 14. Qf3 {[%emt 0:00:12]} Bg4 {[%emt 0:05:10]} 15. Bxf7+ {[%emt 0:03:15]} Rxf7 {[%emt 0:00:14]} 16. Qxg4 {[%emt 0:00:05]} Nc6 {[%emt 0:00:53]} 17. Be3 {[%emt 0:00:39]} Qe7 {[%emt 0:01:17]} 18. Nc3 {[%emt 0:21:09]} Qb4 {[%emt 0:03:02]} 19. Rfd1 {[%emt 0:15:20]} Qxb2 {[%emt 0:05:00]} 1/2-1/2

[Event "DFMMLV 2019"]
[Site "Braunfels"]
[Date "2019.06.21"]
[Round "3.30"]
[White "Goetz, Fenja"]
[Black "Grining, Maria"]
[Result "0-1"]
[WhiteElo "1528"]
[BlackElo "1709"]
[Annotator "NA"]
[PlyCount "136"]
[EventDate "2019.06.20"]
[EventType "team-tourn"]
[EventCountry "GER"]
[SourceTitle "playchess.com"]
[Source "ChessBase"]
[SourceQuality "1"]
[WhiteTeam "Hessen 2"]
[BlackTeam "Baden"]
[TimeControl "40/5400+30:1800+30"]

1. e4 {[%emt 0:00:00]} c6 {[%emt 0:00:00]} 2. d4 {[%emt 0:00:11]} d5 {[%emt 0:00:00]} 3. Nc3 {[%emt 0:00:21]} dxe4 {[%emt 0:00:00]} 4. Nxe4 {[%emt 0:00:09]} Nf6 {[%emt 0:00:00]} 5. Nxf6+ {[%emt 0:01:13]} exf6 {[%emt 0:00:02]} 6. Nf3 {[%emt 0:00:14]} Bd6 {[%emt 0:00:56]} 7. Bd3 {[%emt 0:01:15]} Be6 {[%emt 0:02:38]} 8. O-O {[%emt 0:00:44]} Qc7 {[%emt 0:01:52]} 9. Re1 {[%emt 0:03:05]} O-O {[%emt 0:01:55]} 10. h3 {[%emt 0:00:59]} Rd8 {[%emt 0:07:57]} 11. c3 {[%emt 0:06:12]} c5 {[%emt 0:04:19]} 12. Be3 {[%emt 0:02:57]} cxd4 {[%emt 0:01:58]} 13. Bxd4 {[%emt 0:01:25]} Nc6 {[%emt 0:02:16]} 14. Be3 {[%emt 0:00:13]} Ne5 {[%emt 0:02:11]} 15. Bc2 {[%emt 0:03:51]} Nc4 {[%emt 0:04:38]} 16. Qb1 {[%emt 0:03:18]} h6 {[%emt 0:03:24]} 17. Bd4 {[%emt 0:03:54]} Ne5 {[%emt 0:02:10]} 18. Nxe5 {[%emt 0:06:14]} fxe5 {[%emt 0:01:21]} 19. Be3 {[%emt 0:08:27]} Bd5 {[%emt 0:01:42]} 20. Rd1 {[%emt 0:05:20]} Qc6 {[%emt 0:02:06]} 21. f3 {[%emt 0:08:45]} Bc5 {[%emt 0:04:54]} 22. Bxc5 {[%emt 0:04:51]} Qxc5+ {[%emt 0:00:08]} 23. Kh1 {[%emt 0:00:05]} Bc4 {[%emt 0:05:02]} 24. Bd3 {[%emt 0:02:45]} Bxd3 {[%emt 0:04:57]} 25. Rxd3 {[%emt 0:00:03]} Qb5 {[%emt 0:00:35]} 26. Re3 {[%emt 0:02:08]} Rd2 {[%emt 0:03:05]} 27. b3 {[%emt 0:00:28]} Rad8 {[%emt 0:05:24]} 28. Qe1 {[%emt 0:00:44]} f6 {[%emt 0:05:37]} 29. c4 {[%emt 0:01:56]} Qa6 {[%emt 0:01:03]} 30. Re2 {[%emt 0:02:50]} R2d4 {[%emt 0:01:01]} 31. Re4 {[%emt 0:10:10]} Qb6 {[%emt 0:02:08]} 32. Re2 {[%emt 0:03:56]} R8d7 {[%emt 0:01:11]} 33. Rc2 {[%emt 0:00:34]} Qd8 {[%emt 0:00:33]} 34. Rcc1 {[%emt 0:00:02]} Rd2 {[%emt 0:01:12]} 35. a4 {[%emt 0:12:39]} R7d3 {[%emt 0:02:59]} 36. Rcb1 {[%emt 0:00:44]} Qd4 {[%emt 0:00:57]} 37. Qe4 {[%emt 0:03:06]} Qf2 {[%emt 0:02:00]} 38. Qg4 {[%emt 0:01:11]} h5 {[%emt 0:06:47]} 39. Qg6 {[%emt 0:00:10]} Kf8 {[%emt 0:03:16]} 40. Rf1 {[%emt 0:00:50]} Qh4 {[%emt 0:01:45]} 41. Rab1 {[%emt 0:30:14]} Re3 {[%emt 0:35:54]} 42. Rbd1 {[%emt 0:02:16]} Ree2 {[%emt 0:02:36]} 43. Rg1 {[%emt 0:00:00]} Rxg2 {[%emt 0:00:00]} 44. Qxg2 {[%emt 0:00:00]} Rxg2 {[%emt 0:00:00]} 45. Kxg2 {[%emt 0:00:00]} f5 {[%emt 0:00:00]} 46. Rgf1 {[%emt 0:00:00]} f4 {[%emt 0:00:00]} 47. Rd2 {[%emt 0:00:00]} Qg3+ {[%emt 0:00:00]} 48. Kh1 {[%emt 0:00:00]} Qxh3+ {[%emt 0:00:00]} 49. Kg1 {[%emt 0:00:00]} Qf5 {[%emt 0:00:00]} 50. Rh2 {[%emt 0:00:00]} e4 {[%emt 0:00:00]} 51. fxe4 {[%emt 0:00:00]} Qxe4 {[%emt 0:00:00]} 52. Rh4 {[%emt 0:00:00]} Qe3+ {[%emt 0:00:00]} 53. Kh1 {[%emt 0:00:00]} f3 {[%emt 0:00:00]} 54. Rh3 {[%emt 0:00:00]} Qe4 {[%emt 0:00:00]} 55. Rfxf3+ {[%emt 0:00:00]} Kg8 {[%emt 0:00:00]} 56. Kg1 {[%emt 0:00:00]} g6 {[%emt 0:00:00]} 57. Rf2 {[%emt 0:00:00]} Kh7 {[%emt 0:00:00]} 58. Rfh2 {[%emt 0:00:00]} Kh6 {[%emt 0:00:00]} 59. Kf2 {[%emt 0:00:00]} Qg4 {[%emt 0:00:00]} 60. Rg3 {[%emt 0:01:30]} Qf4+ {[%emt 0:00:00]} 61. Kg2 {[%emt 0:01:19]} g5 {[%emt 0:00:00]} 62. Rgh3 {[%emt 0:02:01]} h4 {[%emt 0:00:00]} 63. Kg1 {[%emt 0:01:19]} Kh5 {[%emt 0:00:00]} 64. Rf2 {[%emt 0:02:00]} Qd4 {[%emt 0:00:00]} 65. Rhf3 {[%emt 0:00:43]} Qg4+ {[%emt 0:00:00]} 66. Kh2 {[%emt 0:00:46]} Qe4 {[%emt 0:00:00]} 67. Rf7 {[%emt 0:01:59]} Qe5+ {[%emt 0:04:29]} 68. Kh1 {[%emt 0:00:27]} Kg6 0-1

[Event "DFMMLV 2019"]
[Site "Braunfels"]
[Date "2019.06.21"]
[Round "3.31"]
[White "Doll, Rebecca"]
[Black "von Beckh, Frieda"]
[Result "1-0"]
[WhiteElo "1678"]
[BlackElo "1465"]
[Annotator "NA"]
[PlyCount "75"]
[EventDate "2019.06.20"]
[EventType "team-tourn"]
[EventCountry "GER"]
[SourceTitle "playchess.com"]
[Source "ChessBase"]
[SourceQuality "1"]
[WhiteTeam "Baden"]
[BlackTeam "Hessen 2"]
[TimeControl "40/5400+30:1800+30"]

1. e4 {[%emt 0:00:00]} c5 {[%emt 0:00:00]} 2. c3 {[%emt 0:00:00]} Nc6 {[%emt 0:00:00]} 3. d4 {[%emt 0:00:00]} cxd4 {[%emt 0:00:00]} 4. cxd4 {[%emt 0:00:07]} g6 {[%emt 0:00:04]} 5. Nc3 {[%emt 0:00:57]} Bg7 {[%emt 0:00:11]} 6. Nf3 {[%emt 0:02:19]} e6 {[%emt 0:00:36]} 7. Bg5 {[%emt 0:04:09]} Nge7 {[%emt 0:01:00]} 8. d5 {[%emt 0:05:11]} exd5 {[%emt 0:02:36]} 9. exd5 {[%emt 0:03:08]} Ne5 {[%emt 0:01:10]} 10. d6 {[%emt 0:05:47]} f6 {[%emt 0:00:48]} 11. dxe7 {[%emt 0:00:44]} Qxe7 {[%emt 0:00:28]} 12. Be3 {[%emt 0:01:04]} Qb4 {[%emt 0:01:20]} 13. Nxe5 {[%emt 0:04:14]} Qxb2 {[%emt 0:01:04]} 14. Nd5 {[%emt 0:00:35]} Qxe5 {[%emt 0:00:29]} 15. Be2 {[%emt 0:03:36]} O-O {[%emt 0:01:21]} 16. O-O {[%emt 0:01:03]} b6 {[%emt 0:00:30]} 17. Bf4 {[%emt 0:04:11]} Qe4 {[%emt 0:01:11]} 18. Bf3 {[%emt 0:01:35]} Qe6 {[%emt 0:00:45]} 19. Nc7 {[%emt 0:01:31]} Qf5 {[%emt 0:00:36]} 20. Qd5+ {[%emt 0:00:54]} Qxd5 {[%emt 0:01:15]} 21. Bxd5+ {[%emt 0:00:09]} Kh8 {[%emt 0:00:11]} 22. Bxa8 {[%emt 0:01:13]} f5 {[%emt 0:00:30]} 23. Rae1 {[%emt 0:03:44]} Ba6 {[%emt 0:01:13]} 24. Nxa6 {[%emt 0:00:17]} Rxa8 {[%emt 0:00:17]} 25. Be5 {[%emt 0:00:26]} d5 {[%emt 0:00:47]} 26. Bxg7+ {[%emt 0:00:19]} Kxg7 {[%emt 0:00:12]} 27. Nc7 {[%emt 0:00:45]} Rd8 {[%emt 0:00:11]} 28. Ne6+ {[%emt 0:00:08]} Kg8 {[%emt 0:00:14]} 29. Nxd8 {[%emt 0:00:10]} d4 {[%emt 0:00:11]} 30. f3 {[%emt 0:01:24]} d3 {[%emt 0:00:28]} 31. Kf2 {[%emt 0:00:17]} d2 {[%emt 0:00:15]} 32. Rd1 {[%emt 0:00:07]} a5 {[%emt 0:00:20]} 33. Rxd2 {[%emt 0:00:07]} b5 {[%emt 0:00:04]} 34. Rd7 {[%emt 0:00:33]} Kf8 {[%emt 0:00:15]} 35. Ne6+ {[%emt 0:00:50]} Ke8 {[%emt 0:00:14]} 36. Rb7 {[%emt 0:00:25]} b4 {[%emt 0:00:15]} 37. Rc1 {[%emt 0:00:07]} b3 {[%emt 0:00:10]} 38. Rc8# {[%emt 0:00:08]} 1-0

[Event "DFMMLV 2019"]
[Site "Braunfels"]
[Date "2019.06.21"]
[Round "3.32"]
[White "Biesdorf, Ina"]
[Black "Landenberger, Anja Kathrin"]
[Result "0-1"]
[WhiteElo "1405"]
[BlackElo "1781"]
[Annotator "NA"]
[PlyCount "108"]
[EventDate "2019.06.20"]
[EventType "team-tourn"]
[EventCountry "GER"]
[SourceTitle "playchess.com"]
[Source "ChessBase"]
[SourceQuality "1"]
[WhiteTeam "Hessen 2"]
[BlackTeam "Baden"]
[TimeControl "40/5400+30:1800+30"]

1. d4 {[%emt 0:00:00]} Nf6 {[%emt 0:00:04]} 2. Bf4 {[%emt 0:00:00]} d5 {[%emt 0:01:41]} 3. e3 {[%emt 0:00:16]} e6 {[%emt 0:05:04]} 4. c4 {[%emt 0:09:28]} Bd6 {[%emt 0:08:47]} 5. Bg5 {[%emt 0:08:28]} c6 {[%emt 0:04:15]} 6. Nd2 {[%emt 0:16:25]} Nbd7 {[%emt 0:02:44]} 7. Ngf3 {[%emt 0:08:18]} O-O {[%emt 0:09:36]} 8. Bd3 {[%emt 0:07:01]} Qe8 {[%emt 0:05:56]} 9. e4 {[%emt 0:11:50]} dxe4 {[%emt 0:03:12]} 10. Nxe4 {[%emt 0:05:23]} Nxe4 {[%emt 0:01:33]} 11. Bxe4 {[%emt 0:01:39]} f5 {[%emt 0:08:30]} 12. Bc2 {[%emt 0:04:00]} e5 {[%emt 0:04:51]} 13. O-O {[%emt 0:04:34]} e4 {[%emt 0:01:05]} 14. c5 {[%emt 0:02:15]} exf3 {[%emt 0:06:31]} 15. cxd6 {[%emt 0:00:11]} Qg6 {[%emt 0:00:07]} 16. h4 {[%emt 0:02:03]} h6 {[%emt 0:00:52]} 17. g4 {[%emt 0:02:26]} hxg5 {[%emt 0:00:42]} 18. Qxf3 {[%emt 0:01:09]} gxh4 {[%emt 0:02:46]} 19. Bxf5 {[%emt 0:01:21]} Rxf5 {[%emt 0:21:09]} 20. Qxf5 {[%emt 0:00:52]} Qxf5 {[%emt 0:00:16]} 21. gxf5 {[%emt 0:00:11]} Nf6 {[%emt 0:00:06]} 22. Rfe1 {[%emt 0:01:10]} Bxf5 {[%emt 0:00:08]} 23. Re7 {[%emt 0:00:54]} Bd7 {[%emt 0:04:58]} 24. Kh1 {[%emt 0:03:21]} Rd8 {[%emt 0:01:08]} 25. Rg1 {[%emt 0:01:46]} Ne8 26. Rg5 {[%emt 0:03:33]} h3 {[%emt 0:02:08]} 27. Kh2 {[%emt 0:00:31]} Kh7 {[%emt 0:02:02]} 28. f4 {[%emt 0:01:39]} Kh6 {[%emt 0:01:58]} 29. a3 {[%emt 0:02:50]} g6 {[%emt 0:00:26]} 30. Rge5 {[%emt 0:00:43]} Nxd6 {[%emt 0:00:17]} 31. d5 {[%emt 0:00:41]} c5 {[%emt 0:01:39]} 32. Rxd7 {[%emt 0:00:14]} Rxd7 {[%emt 0:00:13]} 33. Re6 {[%emt 0:00:02]} Nf5 {[%emt 0:00:29]} 34. Kxh3 {[%emt 0:00:27]} Rxd5 {[%emt 0:00:01]} 35. Kg4 {[%emt 0:00:15]} Rd2 {[%emt 0:00:27]} 36. b4 {[%emt 0:00:13]} c4 {[%emt 0:00:49]} 37. Re1 {[%emt 0:00:42]} Rg2+ {[%emt 0:00:43]} 38. Kf3 {[%emt 0:00:16]} Rg3+ {[%emt 0:00:12]} 39. Ke2 {[%emt 0:01:01]} Rxa3 {[%emt 0:00:36]} 40. Rh1+ {[%emt 0:00:16]} Kg7 {[%emt 0:00:08]} 41. Rc1 {[%emt 0:30:37]} b5 {[%emt 0:30:19]} 42. Kd2 {[%emt 0:00:46]} Ra2+ {[%emt 0:01:48]} 43. Kc3 {[%emt 0:00:21]} Ra3+ {[%emt 0:00:33]} 44. Kb2 {[%emt 0:00:17]} Rb3+ {[%emt 0:00:17]} 45. Ka2 {[%emt 0:00:24]} Rxb4 {[%emt 0:00:26]} 46. Rc3 {[%emt 0:00:54]} Rb3 {[%emt 0:00:00]} 47. Rxb3 {[%emt 0:00:00]} cxb3+ {[%emt 0:00:00]} 48. Kxb3 {[%emt 0:00:00]} a5 {[%emt 0:00:00]} 49. Ka3 {[%emt 0:00:00]} Kf6 {[%emt 0:00:00]} 50. Kb3 {[%emt 0:00:00]} Ke6 {[%emt 0:00:00]} 51. Kc3 {[%emt 0:00:00]} Kd5 {[%emt 0:00:00]} 52. Kd3 {[%emt 0:00:00]} b4 {[%emt 0:00:00]} 53. Kc2 {[%emt 0:00:00]} Ke4 {[%emt 0:00:00]} 54. Kb3 {[%emt 0:00:00]} Kxf4 {[%emt 0:00:00]} 0-1

[Event "DFMMLV 2019"]
[Site "Braunfels"]
[Date "2019.06.21"]
[Round "3.34"]
[White "Mucha, Annegret"]
[Black "Noll, Sonja"]
[Result "1-0"]
[WhiteElo "2050"]
[BlackElo "1777"]
[Annotator "NA"]
[PlyCount "81"]
[EventDate "2019.06.20"]
[EventType "team-tourn"]
[EventCountry "GER"]
[SourceTitle "playchess.com"]
[Source "ChessBase"]
[SourceQuality "1"]
[WhiteTeam "Thueringen"]
[BlackTeam "Saarland"]
[TimeControl "40/5400+30:1800+30"]

1. Nc3 {[%emt 0:00:00]} e5 {[%emt 0:00:00]} 2. Nf3 {[%emt 0:00:00]} Nc6 {[%emt 0:00:06]} 3. d4 {[%emt 0:00:02]} exd4 {[%emt 0:00:23]} 4. Nxd4 {[%emt 0:00:05]} Bb4 {[%emt 0:01:03]} 5. Nxc6 {[%emt 0:02:47]} Bxc3+ {[%emt 0:00:09]} 6. bxc3 {[%emt 0:00:08]} bxc6 {[%emt 0:01:23]} 7. Qd4 {[%emt 0:01:09]} Qf6 {[%emt 0:02:15]} 8. Rb1 {[%emt 0:03:09]} Ne7 {[%emt 0:00:41]} 9. Qxf6 {[%emt 0:04:51]} gxf6 {[%emt 0:00:05]} 10. e4 {[%emt 0:00:08]} d6 {[%emt 0:04:34]} 11. Be3 {[%emt 0:04:35]} c5 {[%emt 0:06:29]} 12. f4 {[%emt 0:03:36]} O-O {[%emt 0:05:33]} 13. Kf2 {[%emt 0:02:58]} f5 {[%emt 0:11:23]} 14. Bd3 {[%emt 0:06:15]} fxe4 {[%emt 0:04:02]} 15. Bxe4 {[%emt 0:00:33]} c6 {[%emt 0:01:13]} 16. Rhd1 {[%emt 0:00:32]} Bf5 {[%emt 0:07:04]} 17. Bxf5 {[%emt 0:09:50]} Nxf5 {[%emt 0:00:06]} 18. Bc1 {[%emt 0:01:42]} Rfd8 {[%emt 0:02:52]} 19. Rb7 {[%emt 0:03:15]} d5 {[%emt 0:02:21]} 20. Rc7 {[%emt 0:04:00]} Nd6 {[%emt 0:01:29]} 21. Rxc6 {[%emt 0:02:40]} Ne4+ {[%emt 0:00:16]} 22. Kf1 {[%emt 0:01:30]} Nxc3 {[%emt 0:02:33]} 23. Rd3 {[%emt 0:00:15]} Ne4 {[%emt 0:00:42]} 24. Rc7 {[%emt 0:08:07]} c4 {[%emt 0:10:39]} 25. Rd1 {[%emt 0:09:23]} a5 {[%emt 0:13:28]} 26. Bb2 {[%emt 0:05:22]} f6 {[%emt 0:09:07]} 27. g4 {[%emt 0:09:51]} h6 {[%emt 0:00:58]} 28. Kg2 {[%emt 0:01:36]} Rab8 {[%emt 0:00:19]} 29. Bd4 {[%emt 0:00:19]} Rbc8 {[%emt 0:01:00]} 30. Rb7 {[%emt 0:04:54]} a4 {[%emt 0:02:31]} 31. Rdb1 {[%emt 0:06:18]} Rf8 {[%emt 0:04:17]} 32. Ra7 {[%emt 0:02:18]} Ra8 {[%emt 0:00:04]} 33. Rd7 {[%emt 0:02:01]} Rfd8 {[%emt 0:00:56]} 34. Rbb7 {[%emt 0:00:19]} Rxd7 {[%emt 0:00:08]} 35. Rxd7 {[%emt 0:00:07]} Ra5 {[%emt 0:00:37]} 36. h4 {[%emt 0:00:36]} Rb5 {[%emt 0:03:34]} 37. g5 {[%emt 0:01:30]} hxg5 {[%emt 0:00:09]} 38. fxg5 {[%emt 0:00:11]} fxg5 {[%emt 0:00:07]} 39. h5 {[%emt 0:00:22]} Rb6 {[%emt 0:03:00]} 40. Bxb6 {[%emt 0:00:14]} Nf6 {[%emt 0:00:03]} 41. Rd8+ {[%emt 0:30:37]} 1-0